|
|
|
|
| LEADER |
01685nam a2200421 a 4500 |
| 001 |
EBC864142 |
| 003 |
MiAaPQ |
| 005 |
20200520144314.0 |
| 006 |
m o d | |
| 007 |
cr cn||||||||| |
| 008 |
101216s2012 nyu sbs 000 0 eng d |
| 010 |
|
|
|z 2008003446
|
| 020 |
|
|
|z 9780875868912 (soft : alk. paper)
|
| 020 |
|
|
|z 9780875868929 (hard : alk. paper)
|
| 020 |
|
|
|a 9780875868936 (electronic bk.)
|
| 035 |
|
|
|a (MiAaPQ)EBC864142
|
| 035 |
|
|
|a (Au-PeEL)EBL864142
|
| 035 |
|
|
|a (CaPaEBR)ebr10558436
|
| 035 |
|
|
|a (OCoLC)821198147
|
| 040 |
|
|
|a MiAaPQ
|c MiAaPQ
|d MiAaPQ
|
| 050 |
|
4 |
|a HC59.3
|b .A83 2012
|
| 082 |
0 |
4 |
|a 339.3
|2 22
|
| 100 |
1 |
|
|a Avakov, Aleksandr V.
|q (Aleksandr Vladimirovich),
|d 1954-
|
| 245 |
1 |
0 |
|a Quality of life, balance of power and nuclear weapons
|h [electronic resource] :
|b a statistical yearbook for statesmen and citizens 2012 /
|c Alexander V. Avakov.
|
| 260 |
|
|
|a New York :
|b Algora Pub.,
|c 2012.
|
| 300 |
|
|
|a xii, 192 p.
|
| 490 |
0 |
|
|a Quality of life, balance of power and nuclear weapons ;
|v v. 5
|
| 504 |
|
|
|a Includes bibliographical references.
|
| 533 |
|
|
|a Electronic reproduction. Ann Arbor, MI : ProQuest, 2015. Available via World Wide Web. Access may be limited to ProQuest affiliated libraries.
|
| 650 |
|
0 |
|a Economic indicators.
|
| 650 |
|
0 |
|a Social indicators.
|
| 650 |
|
0 |
|a Quality of life
|v Statistics.
|
| 650 |
|
0 |
|a Armed Forces
|x Appropriations and expenditures
|v Statistics.
|
| 650 |
|
0 |
|a Nuclear weapons
|v Statistics.
|
| 650 |
|
0 |
|a Health status indicators.
|
| 655 |
|
4 |
|a Electronic books.
|
| 710 |
2 |
|
|a ProQuest (Firm)
|
| 856 |
4 |
0 |
|u https://ebookcentral.proquest.com/lib/matrademy/detail.action?docID=864142
|z Click to View
|